ARRUPE JESUIT UNIVERSITY

CORONAVIRUS -STOP THE SPREAD - CLEAN,DISINFECT,COVER

Jaramogi Oginga Odinga (Record no. 64066)

MARC details
000 -LEADER
fixed length control field 00540nam a2200217Ia 4500
003 - CONTROL NUMBER IDENTIFIER
control field 0100
005 - DATE AND TIME OF LATEST TRANSACTION
control field 20170523115542.0
008 - FIXED-LENGTH DATA ELEMENTS--GENERAL INFORMATION
fixed length control field 130303s9999 xx 000 0 und d
040 ## - CATALOGING SOURCE
Transcribing agency ARRUPELIB
050 ## - LIBRARY OF CONGRESS CALL NUMBER
Classification number DT433.582.O35A85 19998
300 ## - PHYSICAL DESCRIPTION
Other physical details 22cm.
100 ## - MAIN ENTRY--PERSONAL NAME
Personal name Atieno-Odhiambo E. S.
9 (RLIN) 30715
245 ## - TITLE STATEMENT
Title Jaramogi Oginga Odinga
260 ## - PUBLICATION, DISTRIBUTION, ETC. (IMPRINT)
Name of publisher, distributor, etc East African Educational Publishers
Place of publication, distribution, etc Nairobi
Date of publication, distribution, etc 1998
300 ## - PHYSICAL DESCRIPTION
Extent 34p.
440 ## - SERIES STATEMENT/ADDED ENTRY--TITLE
Title Makers of Kenya' s history
9 (RLIN) 30956
600 ## - SUBJECT ADDED ENTRY--PERSONAL NAME
Personal name Ondinga, Ajuma Oginga
9 (RLIN) 30965
650 ## - SUBJECT ADDED ENTRY--TOPICAL TERM
Topical term or geographic name as entry element Kenya
General subdivision Politics
Chronological subdivision 1968
9 (RLIN) 30966
650 ## - SUBJECT ADDED ENTRY--TOPICAL TERM
Topical term or geographic name as entry element Kenya
General subdivision Politics
Chronological subdivision 1963 - 1978
9 (RLIN) 30967
942 ## - ADDED ENTRY ELEMENTS (KOHA)
Source of classification or shelving scheme Library of Congress Classification
Koha item type Monograph ( Printed materials)
Holdings
Withdrawn status Lost status Source of classification or shelving scheme Damaged status Not for loan Collection code Home library Current library Shelving location Date acquired Total Checkouts Full call number Barcode Date last seen Date checked out Copy number Price effective from Koha item type
    Library of Congress Classification     Main Collection ARRUPE LIBRARY ARRUPE LIBRARY   05/03/2013 1 DT433.582.O35A85 19998 46003097234 07/12/2017 02/11/2017 1 05/03/2013 Monograph ( Printed materials)

 

Arrupe Library. PO Box MP320 Mt Pleasant, Harare, Zimbabwe
263 242 745411|librarian@aju.ac.zw